নওয়াব ফয়েজুন্নেসা চৌধুরাণীঃ (Record no. 26243)

MARC details
000 -LEADER
fixed length control field 00924nam a22002057a 4500
003 - CONTROL NUMBER IDENTIFIER
control field BDDh-ASL
005 - DATE AND TIME OF LATEST TRANSACTION
control field 20231016062613.0
008 - FIXED-LENGTH DATA ELEMENTS--GENERAL INFORMATION
fixed length control field 211002s1984 b ||||| |||| 00| 0 b d
040 ## - CATALOGING SOURCE
Transcribing agency BDDh-ASL
082 ## - DEWEY DECIMAL CLASSIFICATION NUMBER
Classification number 923.72
Item number ABN
100 1# - MAIN ENTRY--PERSONAL NAME
9 (RLIN) 4731
Personal name আবুতালিব, মুহম্মদ
245 10 - TITLE STATEMENT
Title নওয়াব ফয়েজুন্নেসা চৌধুরাণীঃ
Remainder of title কবি ও সমাজসেবী /
246 ## - VARYING FORM OF TITLE
Title proper/short title Nawab Faizunnesa Choudhurani: Kabi O Samajsebi
260 ## - PUBLICATION, DISTRIBUTION, ETC.
Place of publication, distribution, etc. ঢাকা:
Name of publisher, distributor, etc. মনোরামা শর্মা,
Date of publication, distribution, etc. ১৯৮৪।
300 ## - PHYSICAL DESCRIPTION
Extent ৮৮ পৃষ্ঠা, :
Dimensions ২২ সে. মি.
504 ## - BIBLIOGRAPHY, ETC. NOTE
Bibliography, etc. note গ্রন্থপঞ্জি ও নিঘন্ট সংযুক্ত ।
600 10 - SUBJECT ADDED ENTRY--PERSONAL NAME
9 (RLIN) 4730
Personal name ফয়জুননেসা, নওয়াব
650 #0 - SUBJECT ADDED ENTRY--TOPICAL TERM
Topical term or geographic name entry element biographical dictionary - চরিতাভিধান
9 (RLIN) 4665
942 ## - ADDED ENTRY ELEMENTS (KOHA)
Source of classification or shelving scheme Dewey Decimal Classification
Koha item type Books
Holdings
Withdrawn status Lost status Source of classification or shelving scheme Damaged status Not for loan Collection code Home library Current library Shelving location Date acquired Source of acquisition Total Checkouts Full call number Barcode Date last seen Copy number Price effective from Koha item type Public note
    Dewey Decimal Classification     Non-fiction Asiatic Society Library Asiatic Society Library General Stacks 10/06/2021 ASB Collection   923.72 ABN 112254 10/06/2021 C-1 10/06/2021 Books  
    Dewey Decimal Classification     Non-fiction Asiatic Society Library Asiatic Society Library General Stacks 10/07/2021 Donated by A.K.M. Azizul Haque and Prof. Husniara Huq   923.72 ABN 112291 10/07/2021 C-1 10/07/2021 Books RARE
    Dewey Decimal Classification     Non-fiction Asiatic Society Library Asiatic Society Library General Stacks 11/08/2021 Complementary   923.72 ABN 113870 11/08/2021 C-3 11/08/2021 Books  
    Dewey Decimal Classification     Non-fiction Asiatic Society Library Asiatic Society Library General Stacks 06/23/2022 ASB Library Collection   923.72 ABN 117135 06/23/2022 C-4 06/23/2022 Books  

Powered by Koha